[Event "Provaglio op 30th"]
[Site "Provaglio"]
[Date "2013.12.06"]
[Round "5"]
[White "Massetti, Euro"]
[Black "Barucco, Mattia"]
[Result "1-0"]
[WhiteElo "1925"]
[BlackElo "1987"]
[PlyCount "65"]
[EventDate "2013.11.08"]
[EventType "swiss"]
[EventRounds "7"]
[EventCountry "ITA"]
[SourceTitle "EXT 2015"]
[Source "ChessBase"]
[SourceDate "2014.11.20"]
[SourceVersion "1"]
[SourceVersionDate "2014.11.20"]
[SourceQuality "1"]

1. e4 e6 2. Nf3 d5 3. exd5 exd5 4. d4 Bd6 5. Be3 Nf6 6. c4 dxc4 7. Bxc4 0-0 8. 0-0 Nc6 9. h3 Bf5 10. Nc3 h6 11. Qd2 Bb4 12. a3 Ne4 13. Qc1 Bxc3 14. bxc3 Qf6 15. Bf4 Nd6 16. Ba2 Be4 17. Ne5 Rad8 18. Nxc6 bxc6 19. Be5 Qg6 20. f3 Bf5 21. g4 Rb8 22. Qf4 Bd3 23. Rfd1 Rb2 24. Rd2 Rfb8 25. Bxd6 Rxd2 26. Qxd2 cxd6 27. Re1 Bb1 28. Bc4 d5 29. Bf1 Qd6 30. Qe3 Qxa3 31. Qe5 Qb3 32. Qc7 Qb7 33. Re8+ 1-0

[Event "Provaglio op 30th"]
[Site "Provaglio"]
[Date "2013.11.22"]
[Round "3"]
[White "Cristiani, Cesare"]
[Black "Massetti, Euro"]
[Result "1-0"]
[WhiteElo "2117"]
[BlackElo "1925"]
[PlyCount "83"]
[EventDate "2013.11.08"]
[EventType "swiss"]
[EventRounds "7"]
[EventCountry "ITA"]
[SourceTitle "EXT 2015"]
[Source "ChessBase"]
[SourceDate "2014.11.20"]
[SourceVersion "1"]
[SourceVersionDate "2014.11.20"]
[SourceQuality "1"]

1. d4 d5 2. Bf4 Nf6 3. e3 Bf5 4. Nf3 e6 5. Nbd2 Bd6 6. Ne5 0-0 7. Be2 h6 8. 0-0 Bxe5 9. Bxe5 Nbd7 10. Bg3 c5 11. Bd6 Re8 12. dxc5 Rc8 13. b4 e5 14. c3 e4 15. Nb3 Ne5 16. Nd4 Bd7 17. a4 a6 18. Nb3 Nc6 19. b5 Na5 20. Nd4 Nc4 21. Bxc4 dxc4 22. Qe2 Bg4 23. f3 exf3 24. gxf3 Bh3 25. Rfe1 Nd5 26. Qd2 Qg5+ 27. Kh1 Rxe3 28. Rg1 Rd3 29. Rxg5 Rxd2 30. Rxd5 Bg2+ 31. Kg1 Bxf3 32. Rf5 Rg2+ 33. Kf1 Be4 34. Rf4 Rxh2 35. Re1 Bd3+ 36. Kg1 Ra2 37. c6 bxc6 38. Nxc6 Kh7 39. Nb4 Rb2 40. b6 Rd8 41. Bc7 Be4 42. Bxd8 1-0

[Event "Provaglio op 27th"]
[Site "Provaglio"]
[Date "2010.11.19"]
[Round "4"]
[White "Brugaletta, Giorgio"]
[Black "Massetti, Euro"]
[Result "0-1"]
[WhiteElo "1675"]
[BlackElo "1919"]
[PlyCount "48"]
[EventDate "2010.10.29"]
[EventType "swiss"]
[EventRounds "8"]
[EventCountry "ITA"]
[SourceTitle "EXT 2015"]
[Source "ChessBase"]
[SourceDate "2014.11.20"]
[SourceVersion "1"]
[SourceVersionDate "2014.11.20"]
[SourceQuality "1"]

1. d4 Nf6 2. c4 e6 3. a3 h6 4. Nf3 b6 5. Nc3 Bb7 6. Bf4 Be7 7. e3 Nh5 8. Bg3 d6 9. Nd2 Nxg3 10. hxg3 Nd7 11. Qg4 0-0 12. Qd1 Nf6 13. Rc1 c5 14. Nf3 Re8 15. Bd3 cxd4 16. exd4 e5 17. Bb1 exd4 18. Nxd4 Bxg2 19. Rh2 Bf8+ 20. Kd2 Ne4+ 21. Nxe4 Bxe4 22. Qg4 Bxb1 23. Rxh6 Bg6 24. Rch1 gxh6 0-1